|
|
|
|
| LEADER |
00838pam a22002418a 4500 |
| 001 |
00042824 |
| 005 |
20181022141057.0 |
| 008 |
110812s1999 ||||||viesd |
| 020 |
# |
# |
|c 90000
|a 978 604 961 720 1
|
| 041 |
0 |
# |
|a vie
|
| 082 |
1 |
4 |
|a 428
|b C102Đ
|
| 100 |
0 |
# |
|a Trần, Mạnh Tường
|
| 245 |
0 |
0 |
|a Cách đánh dấu trọng âm và phát âm đúng Tiếng Anh
|c Trần Mạnh Tường
|
| 260 |
# |
# |
|a Hà Nội
|b Đại học Quốc gia Hà Nội
|c 2018
|
| 300 |
# |
# |
|a 267 tr.
|c 21cm.
|
| 653 |
# |
# |
|a Dấu trọng âm
|
| 653 |
# |
# |
|a Ngôn ngữ
|
| 653 |
# |
# |
|a Phát âm
|
| 653 |
# |
# |
|a Tiếng Anh
|
| 653 |
# |
# |
|a Tự học
|
| 852 |
# |
# |
|j KM.0026498
|j KD.0024347
|j KM.0025597
|j KM.0025596
|
| 910 |
|
|
|d 22/10/2018
|
| 980 |
# |
# |
|a Trung tâm Học liệu Lê Vũ Hùng, Trường Đại học Đồng Tháp
|